|
|
|
|
| LEADER |
00000nab#a22000007a#4500 |
| 001 |
arbauad038887 |
| 003 |
AR-BaUAD |
| 005 |
20250711113035.0 |
| 008 |
990810|||||||||###||||||b###|0###a|spa|| |
| 040 |
|
|
|a AR-BaUAD
|c AR-BaUAD
|b spa
|
| 245 |
1 |
0 |
|a Textiles Now
|b innovations & developments : Virgen territory
|
| 300 |
0 |
|
|b fot. col.
|
| 653 |
|
|
|a REINO UNIDO
|
| 653 |
|
|
|a LONDRES
|
| 653 |
|
|
|a ROYAL COLLEGE OF ART
|
| 653 |
|
|
|a ESCUELAS DE DISEÑO
|
| 653 |
|
|
|a ESCUELAS DE INDUMENTARIA Y TEXTIL
|
| 653 |
|
|
|a DESARROLLO
|
| 653 |
|
|
|a PRODUCTOS
|
| 653 |
|
|
|a TELAS
|
| 653 |
|
|
|a COLORES
|
| 653 |
|
|
|a TEXTURAS
|
| 653 |
|
|
|a MODA
|
| 773 |
0 |
|
|t INTERNATIONAL TEXTILES
|g no. 802 [abr. 1999], p. 28
|
| 942 |
|
|
|c ARTI
|
| 952 |
|
|
|0 0
|1 0
|4 0
|7 0
|9 83806
|a AR-BAuAD
|b AR-BAuAD
|d 2025-07-11
|l 0
|p AAQA038887
|r 2025-07-11 11:30:35
|w 2025-07-11
|y ARTI
|
| 990 |
|
|
|a DT199
|b TD
|
| 998 |
|
|
|a AAQ
|b BIBUN76
|
| 999 |
|
|
|c 63479
|d 63479
|